00610nam a2200217Ia 4500003000400000005001700004008004100021020001800062050001300080050001800093245002400111245010500135260001700240260001600257260000900273300001600282300002000298300001100318500004000329650002300369SMC20170201143845.0160418s9999 xx 000 0 und d a971-8555-21-8 aFIL T 11 b.T43 2004 c.2 aTechnical writing / ccompiled and prepared by Corazon C. Vicente; Wenceslaw B. Soria; Ernani S. Mogol; Gloria R. Sumanga. aQuezon City: bUni-Ed Inc. c2004 a358 pages : billustrations ; c23 cm. aIncudes bibliographical references. aTechnical writing.